Chronicle of Amerika

Na minha lista:
Detalhes bibliográficos
Formato: Livro
Idioma:inglês
Publicado em: New York : Mount Kisco, [1993]
Assuntos:
Tags: Adicionar Tag
Sem tags, seja o primeiro a adicionar uma tag!

MARC

LEADER 00000nam a22000003a 4500
001 stu41604
005 20141122045455.5
008 940104s1993----xxu-----------------eng-d
020 |a 0-13-133745-9 
040 |a STU  |b slo 
041 0 |a eng 
044 |a xxu 
080 |a 91(73) 
245 |a Chronicle of Amerika 
260 |a New York :  |b Mount Kisco,  |c [1993] 
300 |a 956 s 
650 7 |a USA  |2 stusub 
650 7 |a dejiny  |2 stusub 
650 7 |a Amerika  |2 stusub 
996 |b 284M051079  |c M*8379-1  |l MMKN  |s A  |a 24  |w stu41604_0001